| 000 | 00966nam a22002890a 4500 | ||
|---|---|---|---|
| 001 | PT29170 | ||
| 003 | AR-LpoUNG | ||
| 005 | 20260115113457.0 | ||
| 008 | 191001s2008||||ag |||||||||||||||||spa d | ||
| 020 |
_a9789876300247 _c$21.48 |
||
| 040 |
_aAR-LpoUNG _bspa _cAR-LpoUNG _eaacr |
||
| 041 | _aspa | ||
| 044 | _aag | ||
| 082 | 0 | _aA861 75gen | |
| 100 | 1 | _aKowal, Fedorio | |
| 245 | 1 | 0 | _aGénesis poético y poemas obsesivos |
| 250 | _a1ra. ed. | ||
| 260 |
_aBuenos Aires : _bUniversidad Nacional de General Sarmiento, _c2008. |
||
| 300 |
_a129 p. : _bgráfs., tbls. |
||
| 520 | _aPoesías del artista nacido en Barranqueras, Chaco, residente en José C. Paz desde 1951, también pintor autodidacta y expositor de sus obras. Dirige la revista de alternativa La Tinaja. | ||
| 650 | 4 | _aARGENTINA | |
| 650 | 4 | _aLITERATURA | |
| 650 | 4 | _aPOESIA | |
| 710 | 2 | _aUniversidad Nacional de General Sarmiento (Buenos Aires) | |
| 905 | _a29170 | ||
| 942 |
_cLIB _2ddc |
||
| 999 |
_c20866 _d20866 |
||